| 000 | 00490cam a2200205 4500 | ||
|---|---|---|---|
| 008 | #DATE n2003 000 0 eng u | ||
| 020 | _a0421678402 | ||
| 035 | _a(Sirsi) u121447 | ||
| 041 | _aeng | ||
| 050 |
_a348.41047 _c18 |
||
| 110 |
_aCurrent Law _92728 |
||
| 245 | _aCurrent Law case citator 1977-1997 | ||
| 260 |
_aLondon _bSweet & Maxwell _c2003 |
||
| 300 |
_axi,1846p. _c26cm. |
||
| 350 | _a0 | ||
| 650 | _aCITATORS | ||
| 650 | _aLAW CASES | ||
| 690 | _aLAW | ||
| 942 | _n0 | ||
| 999 |
_c102665 _d102665 |
||